Statistics for Countries that have been at War with Italy

Click here to take the quiz!

General Stats

  • This quiz has been taken 186 times
  • The average score is 27 of 43

Answer Stats

YearWarAnswer% Correct
1895First Italo-Ethiopian WarFrance
98%
1919Turkish War of IndependenceUnited Kingdom
97%
1914World War OneGermany
95%
1914World War OneAustria-Hungary
93%
1866Third Italian War of IndependenceAustria
92%
1941World War IIUnited States
90%
1919Turkish War of IndependenceGreece
87%
1885Italo-Ethiopian WarEthiopia
86%
1914World War OneOttoman Empire
83%
1895First Italo-Ethiopian WarRussia
82%
1939World War IICanada
80%
1914World War OneBulgaria
78%
2011Libyan InterventionLibya
78%
1936Spanish Civil WarSoviet Union
77%
1920Vlora WarAlbania
75%
1939World War IIBelgium
74%
1899Boxer RebelleonChina
74%
1939World War IIYugoslavia
74%
1991Gulf WarIraq
73%
1939World War IINetherlands
73%
1998Kosovo WarSerbia and Montenegro
71%
2001Afghanistan WarAfghanistan
68%
1939World War IIAustralia
67%
1939World War IIPoland
65%
1939World War IIDenmark
62%
1992Somali Civil WarSomalia
62%
1939World War IINew Zealand
60%
1936Spanish Civil WarMexico
59%
1939World War IINorway
57%
1939World War IIBrazil
56%
1982Multinational Force in LebanonIran
55%
1939World War IILuxembourg
53%
1982Multinational Force in LebanonSyria
50%
1939World War IICzechoslovakia
47%
1939World War IISouth Africa
46%
1870Capture of RomePapal States
32%
1885Italo-Ethiopian WarMahdist Sudan
27%
1902Venezuelan Naval BlockadeVenezuela
24%
1919Turkish War of IndependenceArmenia
22%
2001Insurgency in the Republic of MacedoniaMacedonia
19%
1919Turkish War of IndependenceGeorgia
14%
1924Italian Conquest of the Horn of AfricaHobyo Sultanate
3%
1924Italian Conquest of the Horn of AfricaMajeerteen Sultanate
2%

Score Distribution

Percentile by Number Answered

Percent of People with Each Score

Your Score History

You have not taken this quiz